| 000 | 00988nam a22002537a 4500 | ||
|---|---|---|---|
| 003 | OSt | ||
| 005 | 20110718134516.0 | ||
| 008 | 100406t xxu||||| |||| 00| 0 eng d | ||
| 020 | _a9966001603 | ||
| 040 |
_aNEGST Library - Kenya _cNEGST Library - Kenya _dNEGST Library - Kenya |
||
| 050 | 1 | 4 |
_aRA 642.W3 _bS76 2007 |
| 100 | 1 |
_aStochholm, Karen. _93085 |
|
| 245 |
_aMwariamu na Mwanamisi : Maazi masafi = Clean water : _bKiwiilwana / _ctranslated by Fatuma Ali; edited by Jacob Mjagi, Swaleh Hassan and Fatuma Ali ; original text by Karen Stochholm. |
||
| 260 |
_aGarissa, Kenya : _bIlwana Language Development Programme, _c2007. |
||
| 300 |
_a16 p. : _bill. |
||
| 500 | _a"Kiwiilwana health booklet" - cover. | ||
| 500 | _a"Kiwiilwana health booklet" - cover. | ||
| 500 | _a[Africana]. | ||
| 500 | _a"Kiwiilwana health booklet" - cover. | ||
| 650 |
_aWaterborne infection. _93086 |
||
| 650 |
_aKiwiilwana language _xTexts. _93088 |
||
| 700 | 1 |
_aAli, Fatuma. _93090 |
|
| 942 |
_2lcc _cBK |
||
| 999 |
_c45377 _d45351 |
||